<The> Impact of the EU accession on the domestic dimension of public diplomacy – The Czech case

Vnútroštátna dimenzia verejnej diplomacie. Informačná a komunikačná stratégia EÚ. Komunikácia vnútroštátnej dimenzie - česká inšpirácia EÚ.

Enregistré dans:
Détails bibliographiques
Auteur principal: Peterková, Jana
Format: Chapitre de livre
Langue:anglais
Sujets:
Tags: Ajouter un tag
Pas de tags, Soyez le premier à ajouter un tag!

MARC

LEADER 00000naa a2200000 4500
001 0236790
005 20220805074240.3
041 0 |a eng 
044 |a SK 
245 1 0 |a <The> Impact of the EU accession on the domestic dimension of public diplomacy – The Czech case 
520 |a Vnútroštátna dimenzia verejnej diplomacie. Informačná a komunikačná stratégia EÚ. Komunikácia vnútroštátnej dimenzie - česká inšpirácia EÚ. 
610 2 0 |a Česko 
610 2 0 |a Európska únia 
610 2 0 |a komunikácia 
610 2 0 |a diplomacia 
610 2 0 |a politika medzinárodná 
610 2 0 |a politika vnútorná 
610 2 0 |a politika verejná 
100 1 |a Peterková, Jana